书目信息 |
| 题名: |
远离抑郁症的1000个笑话
|
|
| 作者: | 赵鑫 主编 | |
| 分册: | ||
| 出版信息: | 呼伦贝尔 内蒙古文化出版社 2009.05 |
|
| 页数: | 314页 | |
| 开本: | 24cm | |
| 丛书名: | ||
| 单 册: | ||
| 中图分类: | I17 , R749.4-49 | |
| 科图分类: | ||
| 主题词: | 笑话--xiao hua--世界--选集 , 抑郁症--yi yu zheng--防治--普及读物 | |
| 电子资源: | ||
| ISBN: | 978-7-80675-695-9 | |
| 000 | 00886nam0 2200253 450 | |
| 001 | 012009750388 | |
| 005 | 20100412091526.81 | |
| 010 | @a978-7-80675-695-9@dCNY36.00 | |
| 100 | @a20100412d2009 em y0chiy0120 ea | |
| 101 | 0 | @achi |
| 102 | @aCN@b150000 | |
| 105 | @aa z 000dy | |
| 106 | @ar | |
| 200 | 1 | @a远离抑郁症的1000个笑话@Ayuan li yi yu zheng de 1000 ge xiao hua@f赵鑫主编@Fzhao xin zhu bian |
| 210 | @a呼伦贝尔@c内蒙古文化出版社@d2009.05 | |
| 215 | @a314页@c图@d24cm | |
| 330 | @a本书收录了1000个远离抑郁症的笑话,包括小鬼无忌乐开怀、动物乐园嘻哈笑、医疗笑话乐颠颠、交通幽默笑掉牙、生意场上开心笑、兵营生活添搞笑等十个部分。 | |
| 606 | 0 | @a笑话@Axiao hua@y世界@j选集 |
| 606 | 0 | @a抑郁症@Ayi yu zheng@x防治@j普及读物 |
| 690 | @aI17@v4 | |
| 690 | @aR749.4-49@v4 | |
| 701 | 0 | @a赵鑫@Azhao xin@4主编 |
| 801 | 0 | @aCN@bQSSK@c20100412 |
| 905 | @b777392-94@dI17@eZ335@f3 | |
| 远离抑郁症的1000个笑话/赵鑫主编.-呼伦贝尔:内蒙古文化出版社,2009.05 |
| 314页:图;24cm |
| ISBN 978-7-80675-695-9:CNY36.00 |
| 本书收录了1000个远离抑郁症的笑话,包括小鬼无忌乐开怀、动物乐园嘻哈笑、医疗笑话乐颠颠、交通幽默笑掉牙、生意场上开心笑、兵营生活添搞笑等十个部分。 |
| ● |
| 相关链接 |
|
|
|
正题名:远离抑郁症的1000个笑话
索取号:I17/Z335
 
预约/预借
| 序号 | 登录号 | 条形码 | 馆藏地/架位号 | 状态 | 备注 |
| 1 | 777392 | 207773925 | 文学库108/108文学库 4排9列5层/ [索取号:I17/Z335] | 在馆 | |
| 2 | 777393 | 207773934 | 文学库108/108文学库 4排9列5层/ [索取号:I17/Z335] | 在馆 | |
| 3 | 777394 | 207773943 | 文学库108/ [索取号:I17/Z335] | 在馆 |